Super Mario Galaxy 2 Worlds by Galaxies - Statistics

General Stats
  • This quiz has been taken 45 times
  • The average score is 30 of 49
Answer Stats
Hint Answer % Correct
Bowser Jr.’s Fiery Flotilla World 1: The Great Space Journey Begins
82%
Bowser’s Lava Lair World 2: Shooting Through the Stars
76%
Beat Block Galaxy World 3: The Far Reaches of the Universe
73%
Tall Trunk Galaxy World 3: The Far Reaches of the Universe
73%
Flip-Swap Galaxy World 1: The Great Space Journey Begins
70%
Fluffy Bluff Galaxy World 1: The Great Space Journey Begins
70%
Sky Station Galaxy World 1: The Great Space Journey Begins
70%
Spin-Dig Galaxy World 1: The Great Space Journey Begins
70%
Chompworks Galaxy World 4: The Many Mysteries of the Cosmos
70%
Slipsand Galaxy World 5: Trial of the Galaxies
70%
Melty Monster Galaxy World 6: Bowser in Your Sights
70%
Grandmaster Galaxy World S: Here We Go!
70%
Yoshi Star Galaxy World 1: The Great Space Journey Begins
67%
Bowser’s Galaxy Generator World 6: Bowser in Your Sights
67%
Clockwork Ruins Galaxy World 6: Bowser in Your Sights
67%
Boss Blitz Galaxy World S: Here We Go!
67%
Cosmic Cove Galaxy World 2: Shooting Through the Stars
64%
Hightail Falls Galaxy World 2: Shooting Through the Stars
64%
Puzzle Plank Galaxy World 2: Shooting Through the Stars
64%
Freezy Flake Galaxy World 3: The Far Reaches of the Universe
64%
Starshine Beach Galaxy World 4: The Many Mysteries of the Cosmos
64%
Supermassive Galaxy World 4: The Many Mysteries of the Cosmos
64%
Shiverburn Galaxy World 5: Trial of the Galaxies
64%
Space Storm Galaxy World 5: Trial of the Galaxies
64%
Flash Black Galaxy World 6: Bowser in Your Sights
64%
Mario Squared Galaxy World S: Here We Go!
64%
Rightside Down Galaxy World 1: The Great Space Journey Begins
61%
Boulder Bowl Galaxy World 2: Shooting Through the Stars
61%
Bowser’s Gravity Gauntlet World 4: The Many Mysteries of the Cosmos
61%
Flipsville Galaxy World 4: The Many Mysteries of the Cosmos
61%
Honeyhop Galaxy World 4: The Many Mysteries of the Cosmos
61%
Stone Cyclone Galaxy World S: Here We Go!
61%
Wild Glide Galaxy World 2: Shooting Through the Stars
58%
Battle Belt Galaxy World 6: Bowser in Your Sights
58%
Twisty Trials Galaxy World S: Here We Go!
58%
Cloudy Court Galaxy World 3: The Far Reaches of the Universe
55%
Haunty Halls Galaxy World 3: The Far Reaches of the Universe
55%
Rolling Masterpiece Galaxy World 3: The Far Reaches of the Universe
55%
Sweet Mystery Galaxy World 4: The Many Mysteries of the Cosmos
55%
Boo Moon Galaxy World 5: Trial of the Galaxies
55%
Bowser Jr.’s Boom Bunker World 5: Trial of the Galaxies
55%
Fleet Glide Galaxy World 5: Trial of the Galaxies
55%
Throwback Galaxy World 6: Bowser in Your Sights
55%
Honeybloom Galaxy World 2: Shooting Through the Stars
52%
Rolling Coaster Galaxy World S: Here We Go!
52%
Bowser Jr.’s Fearsome Fleet World 3: The Far Reaches of the Universe
48%
Upside Dizzy Galaxy World 5: Trial of the Galaxies
48%
Slimy Spring Galaxy World 6: Bowser in Your Sights
48%
Flip-Out Galaxy World S: Here We Go!
33%
No matching quizzes found
Score Distribution
Percent of People with Each Score
Percentile by Number Answered
Your Score History
You have not taken this quiz